选出清代存在过的府级行政区(扫雷) - Statistics

General Stats
  • This quiz has been taken 715 times
  • The average score is 7 of 80
Answers on the Grid
Answers color-coded by a green-red scale on the quiz's grid according to % correct below.
顺天府
天津府
真定府
广平府
永平府
凤凰府
奉天府
锦州府
吉林府
应天府
金陵府
北平府
徐州府
扬州府
苏州府
平江府
松江府
太仓府
邢州府
卢龙府
临淮府
庐州府
凤阳府
颍州府
安庆府
宁国府
荣国府
长安府
太原府
汾州府
泽州府
潞州府
平阳府
蒲坂府
绛州府
归绥府
集宁府
武定府
聊城府
临清府
兖州府
曹州府
沂山府
济宁府
青州府
洛阳府
开封府
陈州府
安阳府
顺德府
卫辉府
汝南府
西安府
凤翔府
延安府
榆林府
商州府
临洮府
平凉府
定西府
巩昌府
宁夏府
西宁府
西凉府
秦州府
肃州府
瓜州府
杭州府
绍兴府
明州府
金华府
丽水府
淮南府
洪州府
上饶府
广信府
虔州府
吉安府
九江府
汉阳府
承天府
荆州府
襄州府
宜昌府
宜春府
郧阳府
长沙府
岳阳府
衡阳府
辰州府
凤凰府
成都府
重庆府
保宁府
雅安府
宜宾府
夔州府
嘉定府
梓潼府
泸州府
建瓯府
福州府
延平府
泉州府
台湾府
广州府
韶州府
连州府
雷州府
廉州府
钦州府
琼山府
静江府
桂州府
柳州府
泗城府
平乐府
南宁府
武鸣府
昆明府
大理府
丽江府
楚雄府
保山府
麓川府
临安府
广南府
宁洱府
贵州府
都匀府
思州府
遵义府
兴义府
平越府
马湖府
迪化府
伊宁府
热河府
和林府
大城府
玉树府
泗水府
奠边府
长春府
黄龙府
冀州府
临潢府
宋州府
信阳府
晋宁府
河中府
沧州府
开平府
遂宁府
浔阳府
清化府
蚌埠府
芜湖府
上海府
平壤府
 
Answer Stats
Answer % Correct
苏州府
22%
广州府
21%
杭州府
18%
金华府
16%
长沙府
16%
福州府
16%
天津府
14%
徐州府
14%
扬州府
14%
太原府
14%
泉州府
14%
顺天府
13%
安庆府
13%
开封府
13%
绍兴府
13%
成都府
13%
重庆府
13%
宁夏府
12%
吉林府
11%
松江府
11%
凤阳府
11%
宁国府
11%
兖州府
11%
西安府
11%
九江府
11%
台湾府
11%
迪化府
11%
奉天府
10%
延安府
10%
长春府
10%
庐州府
9%
武定府
9%
曹州府
9%
卫辉府
9%
榆林府
9%
西宁府
9%
荆州府
9%
延平府
9%
南宁府
9%
遵义府
9%
吉安府
8%
宜昌府
8%
都匀府
8%
真定府
7%
永平府
7%
锦州府
7%
颍州府
7%
青州府
7%
顺德府
7%
广信府
7%
汉阳府
7%
郧阳府
7%
嘉定府
7%
韶州府
7%
雷州府
7%
廉州府
7%
柳州府
7%
大理府
7%
汾州府
5%
平阳府
5%
凤翔府
5%
平凉府
5%
楚雄府
5%
临安府
5%
广平府
4%
临洮府
4%
夔州府
4%
泗城府
4%
丽江府
4%
广南府
4%
平越府
4%
马湖府
4%
泽州府
3%
巩昌府
3%
陈州府
2%
辰州府
2%
保宁府
2%
平乐府
2%
思州府
2%
兴义府
2%
No matching quizzes found
Score Distribution
Percent of People with Each Score
Percentile by Number Answered
Your Score History
You have not taken this quiz